Postmodern hermeneutics: (Record no. 1463917)

MARC details
000 -LEADER
fixed length control field 00808 a2200241 4500
005 - DATE AND TIME OF LATEST TRANSACTION
control field 20251113122159.0
008 - FIXED-LENGTH DATA ELEMENTS--GENERAL INFORMATION
fixed length control field 251113b |||||||| |||| 00| 0 eng d
020 ## - INTERNATIONAL STANDARD BOOK NUMBER
International Standard Book Number 9789392443169 (hbk)
037 ## - SOURCE OF ACQUISITION
Terms of availability TB
040 ## - CATALOGING SOURCE
Original cataloging agency CRL
Transcribing agency CRL
041 ## - LANGUAGE CODE
Source of code eng
Language code of text/sound track or separate title eng
084 ## - COLON CLASSIFICATION NUMBER
Classification number R2 R5
Assigning agency CRL
100 ## - MAIN ENTRY--PERSONAL NAME
Personal name Panneerselvam, S.
9 (RLIN) 846358
245 ## - TITLE STATEMENT
Title Postmodern hermeneutics:
Remainder of title A studies of language, knowledge and life - world
260 ## - PUBLICATION, DISTRIBUTION, ETC.
Place of publication, distribution, etc. New Delhi, India:
Name of publisher, distributor, etc. Suryodaya Books,
Date of publication, distribution, etc. 2025.
300 ## - PHYSICAL DESCRIPTION
Extent xii, 258p.
365 ## - TRADE PRICE
Price amount 900.00
Currency code INR
650 ## - SUBJECT ADDED ENTRY--TOPICAL TERM
Topical term or geographic name entry element Philosophy
9 (RLIN) 851144
650 ## - SUBJECT ADDED ENTRY--TOPICAL TERM
Topical term or geographic name entry element Postmodernism
9 (RLIN) 851145
650 ## - SUBJECT ADDED ENTRY--TOPICAL TERM
Topical term or geographic name entry element Hermenneutics
9 (RLIN) 851146
942 ## - ADDED ENTRY ELEMENTS (KOHA)
Koha item type Textbook
Source of classification or shelving scheme Colon Classification (CC)
Suppress in OPAC No
Classification part R2 R5
Holdings
Withdrawn status Lost status Source of classification or shelving scheme Damaged status Not for loan Home library Current library Date acquired Source of acquisition Cost, normal purchase price Inventory number Total Checkouts Full call number Barcode Date last seen Cost, replacement price Price effective from Koha item type
    Colon Classification (CC)     Central Library Central Library 2025-10-15 50/ Oriental Book Company 720.00 11 & 2025-10-2025   R2 R5 CL1923854 2025-10-15 900.00 2025-10-15 Textbook
Copyright @ Delhi University Library System